Патиланци (Запис номер 517581)
[ съкратено ]
| 000 -Лидер | |
|---|---|
| Лидер | 01629nam a2200313 a 4500 |
| 003 - Код на организацията, давaща контролен номер | |
| Код на организацията, даваща контролен номер | BLK |
| 005 - Дата и час на последна редакция | |
| Дата и час на последна редакция | 20241110004104.0 |
| 008 - Елементи от данни с фиксирана дължина | |
| Елементи с фиксирана дължина | 180413b bul|||||r ||||||| ||bul|| |
| 020 ## - Международен стандартен номер на книга ISBN | |
| ISBN | 9786192406769 |
| 020 ## - Международен стандартен номер на книга ISBN | |
| ISBN | 978-619-240-676-9 |
| 040 ## - Източник на каталожния запис | |
| Код на библиотеката | BLK |
| 041 ## - Код за език | |
| Език | Български |
| Език за КДБФ | Български |
| 080 ## - УДК | |
| УДК текст | Българска литература |
| УДК код | 821.163.2 |
| УДК – определител | -93-32 |
| УДК – код + определител | 821.163.2-93-32 |
| 084 ## - Класификационен индекс по друга класификация | |
| Авторски знак | Ран - Р 34 |
| 100 ## - Редна дума - Автор | |
| Автор | Ран Босилек |
| Пълна форма на името | Негенцов, Генчо Станчев |
| Години, свързани с автора | 1886 - 1958 |
| Биография на автора | Писател, поет. Прев. от гръцки, немски и руски език. |
| R(LIN) | 363447 |
| 245 10 - Сведения за заглавието | |
| Заглавие | Патиланци |
| Подзаглавни данни | На пързалката |
| Авторска отговорност | Ран Босилек ; състав. Валери Манолов ; ил. Елена Жаблянова. |
| 257 ## - Страна на издаване | |
| Страна на създаване/издаване | България |
| 260 ## - Област на издателските данни | |
| Място на издаване | София |
| Име на издателя | ПАН |
| Година на издаване | [2022] |
| Печатница | [София] : [Циан] |
| 9 (RLIN) | 209558 |
| 300 ## - Физическа характеристика | |
| Брой страници | 16 с. |
| Илюстрации | с цв. ил. |
| Размер | 28 см |
| 380 ## - Жанр | |
| Жанр | Детска худож. лит. |
| 500 ## - Общи забележки | |
| Обща забележка | Ран Босилек - псевд. на Генчо Станчев Негенцов. - Пълната форма на името на състав. Валери Манолов е Валери Манолов Иванов |
| 520 ## - Забележка за наличие на резюме, анотация и т.н | |
| Анотация, рецензия | Съдържа: Спортистка ; Робинзон ; На пързалката |
| 700 ## - Други автори (авторска отговорност) | |
| Друг автор | Манолов, Валери |
| 9 (RLIN) | 365245 |
| Пълното име на др. автор | Иванов, Валери Манолов |
| 700 ## - Други автори (авторска отговорност) | |
| Друг автор | Жаблянова, Елена Венелинова |
| 9 (RLIN) | 332151 |
| 852 ## - Местоположение | |
| Сигнатура (форматна) | Цб ІІ 33319 |
| Отдел | Хранилище |
| 942 ## - АРТИКУЛИ | |
| Вид на библиотечния документ | Книги |
| Скрит в OPAC | Не |
| Периодичен библиозапис | Да |
| 944 ## - СЪЗДАВАНЕ И РЕДАКЦИЯ на ЗАПИСА | |
| Дата на регистрацията/редакция | Севдалина Тодорова |
| Служител, извършил регистрацията/редакцията | |
| Номер на служител | CRON CRON |
| Създаване/Редакция | |
| 999 ## - СИСТЕМНИ КОНТРОЛНИ НОМЕРА | |
| Koha biblionumber | 517581 |
| Koha biblioitemnumber | 517581 |
| Код за отписване | Код за изгубен артикул | Източник на класификационната схема | Код за повреда | Коз за рестрикции | Код за отдаване | Артикулен № | Име на библиотеката - собственик | Име на библиотеката, в която се намира в момента | Статус (Текущо местоположение) | Дата на вписване в системата | Местоположение - отдел | Цена в лева | Инвентарен номер | Систематично азбучна сигнатура | Баркод | Цена в евро | Служебен тип на артикула |
|---|---|---|---|---|---|---|---|---|---|---|---|---|---|---|---|---|---|
| Не е изгубен | Universal Decimal Classification | Не е повреден | само за читалня | ползва се в читалня | 949885 | Регионална библиотека "Любен Каравелов" Русе | Регионална библиотека "Любен Каравелов" Русе | Хранилище | 2024-09-25 | Хранилище | 6.90 | 120000913252 | Цб ІІ 33319 | 120000913252 | 3.53 | Книги |